Scaling new heights / (Record no. 41923)

MARC details
000 -LEADER
fixed length control field 00804nam a22002177a 4500
005 - DATE AND TIME OF LATEST TRANSACTION
control field 20100814143712.0
010 ## - LCCN (DPL NO)
LC control number ENG-100358
020 ## - INTERNATIONAL STANDARD BOOK NUMBER
International Standard Book Number 8182940362
Terms of availability 50.00
035 ## - SYSTEM CONTROL NUMBER
System control number EN-83890
037 ## - SOURCE OF ACQUISITION
Source of stock number/acquisition DBAD/PUB
082 ## - DEWEY DECIMAL CLASSIFICATION NUMBER
Classification number 158.1
100 ## - MAIN ENTRY--PERSONAL NAME
Personal name Sudha, Chadalawada
245 ## - TITLE STATEMENT
Title Scaling new heights /
Statement of responsibility, etc by Chadalawala Sudha [and] C. Nageshwara Rao
260 ## - PUBLICATION, DISTRIBUTION, ETC. (IMPRINT)
Place of publication, distribution, etc Vijayawada
Name of publisher, distributor, etc Alakananda Prachuranalu
270 ## - ADDRESS
Address # 59-6-15, Kanchukota Road, Opp. Maris Stella College
City Vijayawada
Postal code 520008
300 ## - PHYSICAL DESCRIPTION
Extent 176p.
Dimensions 18cm (pbk)
650 ## - SUBJECT ADDED ENTRY--TOPICAL TERM
Topical term or geographic name as entry element Success in odolescene
700 ## - ADDED ENTRY--PERSONAL NAME
Personal name Rao, C. Nageswara
9 (RLIN) 13442
942 ## - ADDED ENTRY ELEMENTS (KOHA)
Source of classification or shelving scheme Dewey Decimal Classification
Item type English Books
Classification part 158.1
Call number suffix SUD
Holdings
Withdrawn status Lost status Not for loan Collection code Home library Current library Date acquired Source of acquisition Cost, normal purchase price Full call number Barcode Copy number Cost, replacement price Koha item type
    Not For Loan Non-fiction D.B.Act.Division D.B.Act.Division 14/08/2010 DBAD/PUB 50.00 158.1 SUD EN-83890 1 50.00 English Books

© Delhi Public Library
Hit Counter
free hit counter